| 000 | 00715nam a2200217 4500 | ||
|---|---|---|---|
| 001 | 148678 | ||
| 003 | ES-MaACL | ||
| 005 | 20250826060525.0 | ||
| 007 | t| | ||
| 008 | 070214s1945 mx r ||||1| spa d | ||
| 100 | 1 |
_aSturmthal, Adolf. _9108518 |
|
| 245 | 1 | 3 |
_aLa tragedia del movimiento obrero / _cAdolf Sturmthal ; versión española de Rodolfo Selke. |
| 250 | _a1ª ed. en español. | ||
| 260 |
_aMéxico : _bFondo de Cultura Económica, _c1945 ( _fGráf. Panamericana) |
||
| 300 |
_a430 p. ; _c24 cm. |
||
| 650 | 7 |
_aClase trabajadora _2embne _9151811 |
|
| 650 | 7 |
_aMovimiento obrero _2embne _915207 |
|
| 700 | 1 |
_aSelke, Rodolfo. _9105316 |
|
| 852 |
_aES-MaACL _jG-8691 |
||
| 999 |
_c148678 _d148678 |
||